000
00329nam a22001457a 4500
008
210305b ||||| |||| 00| 0 eng d
020
_a
9780205331925
041
_a
eng
080
_2
3rd
_a
37
082
_a
37
100
_a
46
101
_a
EDU
245
_a
Including Students with Special Needs
_c
Friend, M
942
_2
udc
_c
BK
999
_c
55810
_d
55810